| 000 | 00754nam a22001817a 4500 | ||
|---|---|---|---|
| 999 |
_c59164 _d59164 |
||
| 003 | Ge_BSU | ||
| 005 | 20221201141619.0 | ||
| 008 | 221201s1981ge xxu||||| |||| 00| 0 geo d | ||
| 041 | _ageo | ||
| 080 | _a821.134.2-31 ი-31 | ||
| 100 |
_aიბანიესი, ბლასკო, ავტ. _916283 |
||
| 245 |
_aსისხლი და ქვიშა : _b რომანი / _cბლასკო იბანიესი, თარგმნა ბ. მირცხულავამ |
||
| 264 |
_aბათუმი : _bსაბჭ. აჭარა, _c1981. |
||
| 300 |
_a271 გვ. ; _b22 სმ. |
||
| 653 | _aრომანი | ||
| 700 |
_aმირცხულავა, ბ _eმთარგმნელი _916284 |
||
| 942 |
_2udc _cBK |
||